| Registos Bibliográficos associados ao registo de autoridade |
|
Etiqueta de registo: 00254nam 2200025 450 001 2274130 003 http://id.bnportugal.gov.pt/bib/catbnp/2274130 100 ## $a20260302d2025 k y0pory01030103ba 101 0# $aeng$dpor 102 ## $aPT 105 ## $ay m 000yy 106 ## $ar 200 1# $aLebesgue integration, measure and nv -sublocales$fRaquel Viegas Bernardes$gorient. Jorge Manuel Senos da Fonseca Picado 210 #9 $aCoimbra$c[s.n.],$d2025 215 ## $a193 p.$d30 cm 328 #1 $aTese dout. Matemática, Faculdade de Ciências e Tecnologia da Universidade de Coimbra,
2025 675 ## $a517.5(043)$vBN$zpor$3298065 700 #1 $aBernardes,$bRaquel Viegas Bernardes$31988218 702 #1 $aPicado,$bJorge,$f1963-$4727$3649331 801 #0 $aPT$bBN$gRPC 966 ## $lBN$mFGMON$sS.A. 193461 V.$x1 971 ## $cabrito$d20260302 972 ## $e0$z0$d20260416$vlrevez 973 ## $cmlsousa$d20260406
|
|
|